00315nam a2200121Ia 4500008004000000020001800040082001600058100002100074245002400095260004000119300001100159650002300170210210b2002 xxu||||| |||| 00| 0 eng d a81 7371 415 6 a658.83 PATM aPATI (Debashis). aMarketing research. aHyderabadbUniversities Pressc2002 aix,682 aMarketing research